Bioinformatics computing/ (Record no. 1678)

MARC details
000 -LEADER
Fixed length control field 00493nam a2200181 4500
003 - CONTROL NUMBER IDENTIFIER
Control field SEACOMEC
005 - DATE AND TIME OF LATEST TRANSACTION
Control field 20240904142746.0
008 - FIXED-LENGTH DATA ELEMENTS--GENERAL INFORMATION
Fixed length control field 240831b |||||||| |||| 00| 0 eng d
020 ## - INTERNATIONAL STANDARD BOOK NUMBER / ISBN
International Standard Book Number 978-8120322585
Price 250.00
040 ## - CATALOGING SOURCE
Original cataloging agency SEACOMEC
082 ## - DEWEY DECIMAL CLASSIFICATION NUMBER
Classification number 572.80285
Book Number B496
100 ## - MAIN ENTRY--PERSONAL NAME
Personal name Bergeron, Bryan
245 ## - TITLE STATEMENT
Title Bioinformatics computing/
Statement of responsibility Bryan Bergeron
260 ## - IMPRINT
Place of publication New Delhi
Name of publisher Prentice Hall
Date of publication 2006
300 ## - PHYSICAL DESCRIPTION
Page / Vol. No 439p; 24cm
650 ## - SUBJECT ADDED ENTRY--TOPICAL TERM
Topical term Molecular biology -- Data processing
942 ## - ADDED ENTRY ELEMENTS (KOHA)
Koha item type Books
Holdings
Withdrawn status Lost status Source of classification Damaged status Not for loan Home library Current library Date acquired Total Checkouts Call number Accession number Date last seen Price effective from Koha item type Copy number
    Dewey Decimal Classification     SEACOM ENGINEERING COLLEGE SEACOM ENGINEERING COLLEGE 14/06/2007   572.80285 B496 7036 31/08/2024 31/08/2024 Reference Books  
    Dewey Decimal Classification     SEACOM ENGINEERING COLLEGE SEACOM ENGINEERING COLLEGE 14/06/2007   572.80285 B496 7037 31/08/2024 31/08/2024 Books 1
    Dewey Decimal Classification     SEACOM ENGINEERING COLLEGE SEACOM ENGINEERING COLLEGE 14/06/2007   572.80285 B496 7038 31/08/2024 31/08/2024 Books 2
© Seacom Engineering College, All rights reserved.      Powered by Koha